| 000 | 00815 a2200169 4500 | ||
|---|---|---|---|
| 003 | Nust | ||
| 005 | 20230315095920.0 | ||
| 040 | _cNust | ||
| 082 | _a384.54,WHI | ||
| 100 |
_aWilson, G. Whittaker _9110293 |
||
| 245 |
_aWriting for Broad Casting / _cG. Whittaker Wilson |
||
| 260 |
_aLondon _bA & C Block Ltd _c1935 |
||
| 300 | _a150,p; | ||
| 505 | _aThe Microphone as a medium (Page-1), High Comedy (Page-20), Low Comedy (Page-32), Musical Comedy (Page-38), Burlesque and Satire (Page-47), Biographical Plats (Page-53), Historical Plays (Page-66), Drama (Page-79), Characterization (Page-89), Pageants (Page-102), The Famous Trials Series (Page-114), The Writhing of Talks (Page-131), The Broadcasting of Talks (Page-140), Epilogue (Page-146). | ||
| 650 |
_aWriting for broad casting _9110294 |
||
| 942 |
_2ddc _cBK |
||
| 999 |
_c185315 _d185315 |
||